| 000 | 01338cam a22003493a 4500 | ||
|---|---|---|---|
| 001 | 2950 | ||
| 003 | FISKH | ||
| 005 | 20240625140645.0 | ||
| 008 | 861003t19861985nyu 000 1 eng d | ||
| 010 |
_a 2002554925 _z 85040123 |
||
| 020 | _a0345313860 : | ||
| 035 | _a(OCoLC)ocm14338447 | ||
| 040 |
_aMLN _cMLN _dIXA _dUOK _dGFK _dOCL _dDLC _dFISKH _beng |
||
| 042 | _alccopycat | ||
| 050 | 0 | 0 | _aPS3568.I265 |
| 082 | _a813.54 | ||
| 100 | 1 |
_aRice, Anne, _d1941-2021. |
|
| 245 | 1 | 4 |
_aThe vampire Lestat / _cAnne Rice. |
| 250 | _a2010 Ballantine Books Mass Market edition | ||
| 260 |
_aNew York : _bBallantine Books, _c1985 |
||
| 300 |
_a550 pages ; _c18 cm. |
||
| 490 | 1 |
_aThe vampire chronicles ; _vbook 2 |
|
| 500 | _aSequel to: Interview with the vampire, and is followed by: The Queen of the damned. | ||
| 650 | 0 |
_aVampires _vFiction. |
|
| 655 | 7 |
_aHorror fiction. _2gsafd |
|
| 800 | 1 |
_aRice, Anne, _d1941-2021. _tVampire chronicles ; _vbk. 2. |
|
| 856 | 4 | 1 |
_3Sample text _uhttp://www.loc.gov/catdir/samples/random042/2002554925.html |
| 856 | 4 | 2 |
_3Publisher description _uhttp://www.loc.gov/catdir/description/random045/2002554925.html |
| 856 | 4 | 2 |
_3Contributor biographical information _uhttp://www.loc.gov/catdir/enhancements/fy0703/2002554925-b.html |
| 906 |
_a7 _bcbc _ccopycat _d2 _eopcn _f20 _gy-genrareb |
||
| 942 |
_2ddc _cBK _n0 |
||
| 999 |
_c2950 _d2950 |
||